000 00368nam a22001577a 4500
003 MPLRDC
005 20220104145545.0
008 210129b ||||| |||| 00| 0 eng d
082 _a910.99 WZJ
100 _a吴志箐
245 _a音乐家小传
_c
260 _a
_b蜜蜂出版社
_c1959
300 _b
650 _a各国音乐家
942 _cBK
_o910.99 WZJ
999 _c51386
_d51376